| 000 | 01180nam a22002297a 4500 | ||
|---|---|---|---|
| 005 | 20100910161617.0 | ||
| 010 | _aMAR-20266 | ||
| 020 |
_c110.00 _a8189649183 |
||
| 035 | _aMR-12924 | ||
| 037 | _bDBAD / PUB | ||
| 082 | _a631.3 | ||
| 100 |
_aमोरे, मधुकर _920566 |
||
| 245 |
_aकृषी-अवजारे,यंत्रे व आधुनिक सिंचन पद्धती / _cमधुकर मोरे तथा प्रमोद चिखलीकर |
||
| 246 |
_aKrishi-Avghare,Yantre Va Adunik Sinchan Padathi _bby Madhuka More and Pramod Chikhlikar |
||
| 260 |
_aपुणे _bसन पब्लिकेशन्स _c2009 |
||
| 270 |
_a317 नारायण पेठ, दैनिक प्रभात समोर _bपुणे |
||
| 300 |
_a104पृ _c21सेमी (अजिल्द) _bसचित्र |
||
| 700 |
_917934 _aचिखलीकर,प्रमोद |
||
| 700 | _919411 | ||
| 942 |
_2ddc _cMR _mमोरेम _h631.3 |
||
| 999 |
_c46555 _d46555 |
||